Cities of San Mateo County, California - Statistics

General Stats
  • This quiz has been taken 22 times
  • The average score is 13 of 20
Answer Stats
Population Answer % Correct
80,996 Redwood City
93%
101,327 San Mateo
93%
11,105 Half Moon Bay
86%
63,123 South San Francisco
86%
31,690 Menlo Park
79%
28,862 San Carlos
79%
29,910 Burlingame
71%
99,833 Daly City
71%
28,216 East Palo Alto
71%
26,622 Belmont
64%
32,180 Foster City
64%
36,426 Pacifica
64%
6,823 Atherton
57%
41,327 San Bruno
57%
10,883 Hillsborough
50%
22,087 Millbrae
50%
5,037 Woodside
50%
1,407 Colma
43%
4,577 Brisbane
36%
4,204 Portola Valley
21%
No matching quizzes found
Score Distribution
Percent of People with Each Score
Percentile by Number Answered
Your Score History
You have not taken this quiz